Fast Math - Trigonometric Values - Statistics

General Stats
  • This quiz has been taken 222 times
  • The average score is 5 of 20
Answer Stats
Hint Answer % Correct
Cosine 1
53%
Sine 0
49%
90° Cosine 0
46%
Tangent 0
46%
90° Sine 1
41%
180° Sine 0
37%
360° Sine 0
36%
180° Cosine -1
36%
Radians 0
32%
270° Sine -1
32%
360° Tangent 0
30%
30° Sine 12
30%
60° Radians pi3
30%
360° Cosine 1
29%
45° Radians pi4
26%
180° Tangent 0
25%
45° Tangent 1
25%
360° Radians 2pi
25%
270° Cosine 0
24%
60° Cosine 12
24%
270° Radians 3pi2
23%
180° Radians pi
22%
270° Tangent undefined
19%
30° Radians pi6
18%
90° Tangent undefined
18%
45° Cosine sqrt22
15%
90° Radians pi2
13%
45° Sine sqrt22
13%
60° Sine sqrt32
13%
60° Tangent sqrt3
9%
30° Cosine sqrt32
9%
30° Tangent sqrt33
6%
No matching quizzes found
Score Distribution
Percent of People with Each Score
Percentile by Number Answered
Your Score History
You have not taken this quiz